Faulkner and humor: Faulkner and Yoknapatawpha, 1984

Zapisane w:
Opis bibliograficzny
Główni autorzy: Fowler, Doreen (Autor), Abadie, Ann J (Autor)
Format: Książka
Język:angielski
Wydane: Jackson University Press of Mississipi 1986
Hasła przedmiotowe:
Etykiety: Dodaj etykietę
Nie ma etykietki, Dołącz pierwszą etykiete!

MARC

LEADER 00000nam a2200000 a 4500
001 UCW8037
003 CL-VaPUC
008 880407e19860000US |||||||||||||||||eng|d
082 0 4 |a 813.09  |b FOW  |2 21 
100 0 |a Fowler, Doreen  |e author  |9 313146 
700 0 |a Abadie, Ann J  |e author  |9 313147 
245 1 0 |a Faulkner and humor: Faulkner and Yoknapatawpha, 1984 
300 |a 243 p 
942 |c BK 
945 |d 19880407 00:00:00 
260 |a Jackson  |b University Press of Mississipi  |c 1986 
600 0 7 |a FAULKNER, WILLIAM  |2 CL-VaPUC  |9 313148 
650 7 |a HUMORISMO  |2 CL-VaPUC  |9 265588 
650 0 |a Crítica e interpretación   |9 255042 
651 0 |a Estados Unidos  |9 255178 
583 |a last modification  |c 19880407 00:00:00  |k Rodrigo Vera 
999 |c 220545  |d 220543 
952 |0 0  |1 0  |4 0  |6 813_090000000000000_FOW_1986  |7 0  |8 A  |9 212933  |a BIBEDU  |b BIBEDU  |d 2019-11-15  |i 2812150  |l 1  |o 813.09 FOW 1986  |p 2812150  |r 2022-09-06  |s 2022-09-06  |w 2019-11-15  |y BK  |k LIT